| 000 | 00701cab a22002175a 4500 | ||
|---|---|---|---|
| 001 | L155003 | ||
| 008 | 120216e20120210xxkd f s 000 0 eng d | ||
| 035 | _a(Sirsi) u155003 | ||
| 041 | 0 | _aeng | |
| 110 | 2 |
_aExperian Economics _95977 |
|
| 245 | 0 | 4 |
_aThe tracker _bglum tidings |
| 260 | _c2012 | ||
| 490 |
_aBuilding _v277 (8714) 10 February 2012, 46-47(2) |
||
| 520 | _aEconomic summary of the state of play, leading construction activity indicator, work in hand, and regional perspective in the UK. | ||
| 590 | _aKA | ||
| 650 | 2 | 4 | _aEXPERIAN CONSTRUCTION INDUSTRY FOCUS |
| 651 | 4 |
_aUnited Kingdom _y |
|
| 690 |
_aConstruction management _96230 |
||
| 690 |
_aCost management _96233 |
||
| 942 | _n0 | ||
| 999 |
_c83778 _d83778 |
||